| 000 | 00442nam a2200145 i 4500 | ||
|---|---|---|---|
| 001 | 26691 | ||
| 003 | ES-MaACL | ||
| 005 | 20230906153502.0 | ||
| 007 | t| | ||
| 008 | 030110s1910 sp ||||1| spa d | ||
| 245 | 0 | 0 |
_aAsamblea de Ingenieros Industriales _b: celebrada en Madrid en noviembre de 1909. |
| 260 |
_aMadrid : _b[s.n., _c1910] ( _fEstrada Hnos.) |
||
| 300 |
_a312 p., 2 h. lám. pleg. : _bil. ; _c25 cm. |
||
| 852 |
_aES-MaACL _jG-5307 |
||
| 999 |
_c26691 _d26691 |
||